Marketing zdravotníckeho zariadenia diplomová práca

Uložené v:
Podrobná bibliografia
Hlavný autor: Stehlíková, Ivana
Korporativný autor: Obchodná fakulta EU. Katedra marketingu
Ďalší autori: Žák, Štefan, 1971-
Médium: Kniha
Jazyk:Slovak
Vydavateľské údaje: Bratislava 2011
Tagy: Pridať tag
Žiadne tagy, Buďte prvý, kto otaguje tento záznam!

MARC

LEADER 00000nbm a2200000 4500
001 0142971
005 20170315090429.1
041 0 |a slo 
044 |a SK 
245 1 0 |a Marketing zdravotníckeho zariadenia  |b diplomová práca  |c Ivana Stehlíková ; školiteľ: Štefan Žák 
264 1 |a Bratislava  |c 2011 
300 |a 77 s. 
100 1 |a Stehlíková, Ivana 
700 1 |a Žák, Štefan, 1971- 
710 2 |a Obchodná fakulta EU. Katedra marketingu